| 000 | 00805nam a22002177a 4500 | ||
|---|---|---|---|
| 999 |
_c1228 _d1228 |
||
| 003 | AR-CdUCM | ||
| 008 | 190226b ||||| |||| 00| 0 eng d | ||
| 040 |
_aMUNICIPALIDAD PROVINCIAL DEL CUSCO _cBIBLIOTECA MUNICIPAL DEL CUSCO |
||
| 082 |
_21ra. ed. _a312.9 / _bM19 |
||
| 100 |
_aMalthus, Thomas R. _94791 |
||
| 245 |
_aEnsayo sobre el Principio de la Poblacion _cMalthus, Thomas R. |
||
| 260 |
_aBuenos Aires - Argentina : _bFondo de Cultura Economica , _c1951. |
||
| 300 |
_a619 paginas : _c24.5 cm. |
||
| 505 | _aPrincipios y Ensayos -- Principios de Poblacion -- Economia aplicada... | ||
| 650 |
_aPrincipio de Poblacion. _94792 |
||
| 650 |
_aEconomia Aplicada. _94793 |
||
| 650 |
_aEl Recurso Humano. _94794 |
||
| 700 |
_aMalthus, Thomas R. _94791 |
||
| 942 |
_2ddc _cLIBROS |
||
| 945 |
_artm _d2019-02-26 |
||